|
|
|
|
| LEADER |
00870nam a2200205 i 4500 |
| 001 |
c000128227 |
| 003 |
CARM |
| 005 |
00000000000000.0 |
| 008 |
840306s1852 it a 00110 ita d |
| 019 |
1 |
|
|a 10215276
|5 LACONCORD2021
|
| 035 |
|
|
|a (OCoLC)221634314
|5 LACONCORD2021
|
| 100 |
1 |
|
|a Gherardini, Giovanni,
|d 1778-1861.
|
| 245 |
1 |
0 |
|a Elementi di poesia /
|c compilati da Giovanni Gherardini.
|
| 250 |
|
|
|a Nuova ed. considerevolmente emendata, sull'ultima di Milano migliorata e di molto accresciuta dell'autore /
|b 1852.
|
| 260 |
|
|
|a Napoli :
|b G.P. Lauriel,
|c 1852.
|
| 300 |
|
|
|a 425p.
|
| 650 |
|
0 |
|a Italian poetry
|x History and criticism.
|
| 852 |
8 |
|
|b CARM
|h A2:AF09G0
|i A00409
|p 0054613
|f BK
|
| 999 |
f |
f |
|i 5a61b64a-76d5-51e6-a58a-5c6a470192f4
|s f48d6917-f309-55c2-849e-887bfebe378c
|
| 952 |
f |
f |
|p Can circulate
|a CAVAL
|b CAVAL
|c CAVAL
|d CARM 1 Store
|e A00409
|f A2:AF09G0
|h Other scheme
|i book
|m 0054613
|